000 00724nam a2200217 a 4500
001 000030989
003 DO-SdBNP
005 20250220112408.0
007 ta
008 110609s2006 dr 000 0 spa d
040 _aDO-SdBNP
_bspa
_cBNPHU
082 4 _bR432
_222
110 1 _aRepública Dominicana
_bMinisterio de Obras Públicas y Comunicaciones
_980155
245 0 3 _aEn la provincia Monte Plata Obras Públicas cumple
260 _aSanto Domingo :
_bSecretaría de Estado de Fomento y Obras Públicas ;
_c[2006].
300 _a29 p.. :
_bil. ;
_c23 cm.
590 _aInventariado, 2022 / DG
710 _aMinisterio de Estado de Obras Públicas
_bRepública Dominicana
_957503
910 _aDG
942 _2ddc
_cLF2
999 _c52465
_d52465